000 00653nam a2200205 i 4500
001 37371
003 ES-MaACL
005 20250907063038.0
007 t|
008 030220q1952 sp ||||1| spa d
100 1 _aButler, Samuel,
_d1835-1902
_9156028
245 1 0 _aAsí muere la carne /
_cSamuel Butler ; [traducción del inglés por Rafael Ballester].
260 _aBarcelona :
_bMateu,
_c[1952?] (
_fSob. de López Robert)
300 _a352 p. ;
_c22 cm.
490 1 _aLa hoja perenne
700 1 _aBallester, Rafael.
_925006
830 0 _aLa hoja perenne
_9181731
852 _aES-MaACL
_jD-8213
_bR.32643
999 _c37371
_d37371